Werder Bremen Teuerste Transfers aller Zeiten - Statistiken

Allgemein
  • Dieses Quiz wurde 86 mal gespielt
  • Das Durchschnittsergebnis liegt bei 10 aus 17
Antwortstatistiken
Ex-Club Saison Ablöse in Mio. Antwort % Korrekt
FC Porto 06/07 6 Diego
84%
Juventus Turin 25/26 10 Samuel Mbangula
84%
FC Everton 18/19 13,5 Davy Klaassen
79%
1.FC.Kaiserslautern 04/05 5 Miroslav Klose
71%
Hannover 96 19/20 6,5 Niclas Füllkrug
66%
FC Arsenal 16/17 5 Serge Gnabry
66%
Borussia Mönchengladbach 09/10 8,2 Marko Marin
64%
FC Schalke 04 07/08 5 Mesut Özil
61%
Vitesse Arnheim 17/18 8,1 Milot Rashica
57%
FC Bayern München 05/06 5 Torsten Frings
51%
Corinthians 07/08 7,8 Carlos Alberto
50%
VFL Wolfsburg 16/17 7,5 Max Kruse
50%
TSG Hoffenheim 20/21 7 Leonardo Bittencourt
47%
Juventus Turin 12/13 5,5 Eljero Elia
43%
FC Santos 10/11 7,5 Wesley
40%
Twente Enschede 10/11 6,2 Marko Arnautovic
30%
FC Bayern München 11/12 5 Mehmet Ekici
24%
Keine übereinstimmenden Quizze gefunden
Verteilung der Resultate
Anzahl Personen mit jedem Resultat
Perzentil nach korrekt beantworteten Fragen
Ihre Resultats-Entwicklung
Sie haben dieses Quiz noch nicht gespielt